Catálogo
 En Linea

Hacia una nueva universidad : (Registro nro. 24820)

Detalles MARC
000 -CABECERA
campo de control de longitud fija 01004nam a2200241 a 4500
001 - NÚMERO DE CONTROL
campo de control 000025328
005 - FECHA Y HORA DE LA ÚLTIMA TRANSACCIÓN
campo de control 20200930023718.0
008 - DATOS DE LONGITUD FIJA--INFORMACIÓN GENERAL
campo de control de longitud fija 110214s1994 ag r 000 0 spa d
040 ## - FUENTE DE LA CATALOGACIÓN
Centro catalogador/agencia de origen DO-SdBNP
Lengua de catalogación spa
Centro/agencia transcriptor BNPHU
041 17 - CÓDIGO DE LENGUA
Código de lengua del texto/banda sonora o título independiente spa
Código de lengua original eng
Fuente del código Código de idiomas MARC
082 ## - NÚMERO DE LA CLASIFICACIÓN DECIMAL DEWEY
Número de clasificación nn*
Número de documento/Ítem nn*
049 ## - FONDOS LOCALES (OCLC)
Fondos de biblioteca BNGR
100 1# - ENTRADA PRINCIPAL--NOMBRE DE PERSONA
Nombre de persona Birenbaum, William M.
9 (RLIN) 51873
240 10 - TÍTULO UNIFORME
Título uniforme Something for everybody is not enough: an educator´s search for his education.
Lenguaje de la obra Español
245 10 - MENCIÓN DE TÍTULO
Título Hacia una nueva universidad :
Resto del título memorias de un rector /
Mención de responsabilidad, etc. William M. Birenbaum ; traducción de Ana Maria Uribe ; prólogo de Gustavo F. J. Cirigliano.
260 ## - PUBLICACIÓN, DISTRIBUCIÓN, ETC.
Lugar de publicación, distribución, etc. Buenos Aires :
Nombre del editor, distribuidor, etc. Pleamar,
Fecha de publicación, distribución, etc. 1994.
300 ## - DESCRIPCIÓN FÍSICA
Extensión 271 p. ;
Dimensiones 20 cm.
490 1# - MENCIÓN DE SERIE
Mención de serie Educación liberadora
534 ## - NOTA SOBRE LA VERSIÓN ORIGINAL
Encabezamiento principal del original Título del original inglés :
Mención de título del original Something for everybody is not enough: an educator´s search for his education
700 1# - PUNTO DE ACCESO ADICIONAL--NOMBRE DE PERSONA
Nombre de persona Cirigliano, Gustavo F. J.,
Término indicativo de función/relación pról.
9 (RLIN) 51874
700 1# - PUNTO DE ACCESO ADICIONAL--NOMBRE DE PERSONA
Nombre de persona Uribe, Ana Maria,
Término indicativo de función/relación tr.
9 (RLIN) 11460
830 #0 - PUNTO DE ACCESO ADICIONAL DE SERIE-TÍTULO UNIFORME
Título uniforme Educación liberadora
9 (RLIN) 51875
Existencias
Estado de retiro Estado de pérdida Restricciones de uso No para préstamo Código de colección Localización permanente Ubicación/localización actual Ubicación en estantería Fecha de adquisición Número de inventario Total de préstamos Signatura topográfica completa Código de barras Fecha visto por última vez Precio válido a partir de Tipo de ítem Koha
        Monografías: Libros y Folletos General General En catalogación 14.02.2011 LF1   nn* nn* 25328-10 25.06.2020 25.06.2020 Préstamo en sala

Con tecnología Koha